000 00903nam a2200265 i 4500
003 DO-SdBNP
005 20230612144657.0
007 ta
008 230612b2002 dr ||||| |||| 00| 0 spa d
040 _aDO-SdBNP
_bspa
_cBNPHU
_erda
082 2 _a342.729302
_bR426cons, 2002
_222
110 1 _aRepública Dominicana.
_9447
240 1 0 _aConstitución (1994)
245 1 0 _aConstitución de la República Dominicana :
_bproclamada el 25 de agosto del 2002.
264 _aSanto Domingo :
_bImpresora del Nordeste, S.A.,
_c2002.
300 _a65 páginas ;
_c21 cm.
336 _2rdacontent
_atexto
_btxt
337 _2rdamedia
_asin mediación
_bn
338 _2rdacarrier
_avolumen
_bnc
590 _aInventariado, 2023/BT
651 4 _aRepública Dominicana
_xConstitución (1991{Rpara}
_965459
651 4 _aRepública Dominicana
_xDerecho constitucional
_99303
910 _aBtavárez
942 _2ddc
_cLBS1
999 _c53778
_d53778